| 000 | 00654nam a2200229Ia 4500 | ||
|---|---|---|---|
| 003 | OSt | ||
| 005 | 20220928135734.0 | ||
| 006 | a|||||r|||| 00| 0 | ||
| 007 | ta | ||
| 008 | 220927b |||||||| |||| 00| 0 eng d | ||
| 024 | _a4715 | ||
| 037 | _cTextual | ||
| 040 |
_aSDCL _cSDCL _beng |
||
| 041 |
_2eng _aeng |
||
| 082 | _aX:54:(B)g, N7 | ||
| 100 |
_aFrancois Joseph F Ed. _9492703 |
||
| 245 | 0 |
_aApplied methods for trade policy analysis _b A handbook |
|
| 260 | _c1997 | ||
| 700 |
_a Reinert Kenneth A Ed. _9446719 |
||
| 942 |
_hX:54:(B)g, N7 _cTEXL _2CC |
||
| 999 |
_c808348 _d808348 |
||